Statystyki dla Liga Portugal

Kliknij tutaj aby rozwiązać quiz!

Ogólne statystyki

  • Ten quiz został rozwiązany 11 razy
  • Średni wynik to 8 z 18

Statystyki odpowiedzi

drużyna% Poprawnych
Benfica Lizbona
100%
Porto
100%
Sporting Lizbona
100%
Braga
70%
Rio Ave
70%
Vitoria Guimaraes
60%
Arouca
40%
Boavista
40%
Famalicao
40%
Vizela
40%
Chaves
30%
Farense
30%
Moreirense
30%
Portimonense
30%
Casa Pia
20%
Estoril Praia
20%
Estrela Amadora
10%
Gil Vicente
10%

Rozkład punktacji

Percentyl według liczby udzielonych odpowiedzi

Procent ludzi z każdym wynikiem

Twoja historia wyników

Nie rozwiązałeś tego quizu